[Event "Titled Tue 24th Jun Early"]
[Site "chess.com INT"]
[Date "2025.06.24"]
[Round "5"]
[White "Waldhausen Gordon, Frederick"]
[Black "Svane, Rasmus"]
[Result "0-1"]
[WhiteTitle "FM"]
[BlackTitle "GM"]
[WhiteElo "2395"]
[BlackElo "2626"]
[WhiteFideId "2409143"]
[BlackFideId "4657101"]
[EventDate "2025.06.24"]

1. e4 c6 2. Nf3 d5 3. Nc3 Bg4 4. h3 Bxf3 5. Qxf3 e6 6. g3 Bc5 7. Bg2 Nd7 8. d3
d4 9. Nb1 h5 10. Qe2 h4 11. g4 e5 12. f4 exf4 13. Bxf4 Ne7 14. Nd2 Ng6 15. Bh2
Nde5 16. O-O Bd6 17. Rf5 Qe7 18. Raf1 f6 19. Kh1 O-O-O 20. Qf2 Bc7 21. Nb3 c5
22. Bf3 Kb8 23. Be2 a6 24. a4 Rd7 25. a5 Rhd8 26. Rd1 Ka8 27. Kg1 Bb8 28. Nd2
Bc7 29. Nb3 Bb8 30. Nd2 Bd6 31. Nb3 Rc8 32. Nd2 Bc7 33. Nb3 Nf7 34. Bxc7 Rdxc7
35. c3 Ng5 36. Kg2 Qe6 37. Nd2 Ne5 38. cxd4 cxd4 39. Qxd4 Rc2 40. Qe3 Rxb2 41.
d4 Nef7 42. Kg1 Nd6 43. Rf4 Rcc2 44. Kh1 Qa2 0-1

[Event "Titled Tue 24th Jun Early"]
[Site "chess.com INT"]
[Date "2025.06.24"]
[Round "5"]
[White "Fernandes, Rogerio Paulo Muller"]
[Black "Diachek, Andrii"]
[Result "1-0"]
[BlackTitle "CM"]
[WhiteElo "2241"]
[BlackElo "2177"]
[WhiteFideId "2101599"]
[BlackFideId "34106499"]
[EventDate "2025.06.24"]

1. c4 e5 2. g3 Nc6 3. Bg2 g6 4. Nf3 Bg7 5. O-O d6 6. Nc3 f5 7. d3 Nf6 8. Rb1 a5
9. a3 O-O 10. b4 axb4 11. axb4 Ne7 12. b5 h6 13. Bb2 Be6 14. Nd2 d5 15. cxd5
Nexd5 16. Nxd5 Nxd5 17. Nc4 e4 18. dxe4 fxe4 19. Bxg7 Kxg7 20. Qc2 Nf6 21. Bxe4
Qd4 22. Bd3 Bh3 23. Rfe1 Ng4 24. e3 Qd5 25. Be4 Qe6 26. f3 Nf6 27. Bxg6 Nd5 28.
Be4 Nf6 29. Qc3 Kg8 30. Bxb7 Rab8 31. Bc6 Nd5 32. Qd4 Nc3 33. Qxc3 1-0

[Event "Titled Tue 24th Jun Early"]
[Site "chess.com INT"]
[Date "2025.06.24"]
[Round "5"]
[White "Papasimakopoulos, Alexandros"]
[Black "Ben Artzi, Ido"]
[Result "0-1"]
[WhiteTitle "IM"]
[BlackTitle "IM"]
[WhiteElo "2366"]
[BlackElo "2339"]
[WhiteFideId "4244125"]
[BlackFideId "2810913"]
[EventDate "2025.06.24"]

1. d4 Nf6 2. c4 c5 3. d5 b5 4. Nf3 b4 5. a3 bxa3 6. Rxa3 g6 7. Nc3 Bg7 8. e4 d6
9. h3 O-O 10. Bd3 Nfd7 11. Bf4 a5 12. O-O Na6 13. Re1 Qb6 14. Re2 Nb4 15. Na4
Qc7 16. Bb1 Ba6 17. b3 Rad8 18. Qd2 Bc8 19. Nc3 Bxc3 20. Qxc3 e5 21. dxe6 fxe6
22. Bh6 e5 23. Bxf8 Nxf8 24. Qa1 Nc6 25. Rd2 Ne6 26. Bd3 Nf4 27. Bf1 Rf8 28. Ne1
Nd4 29. Nc2 Nxh3+ 30. gxh3 Nf3+ 31. Kg2 Nxd2 32. Qd1 Nxe4 33. f3 Ng5 34. Be2
Bxh3+ 35. Kg3 Qe7 36. Rxa5 Be6 37. Qd2 Qf6 38. Ne1 Ne4+ 39. fxe4 Qf2# 0-1

[Event "Titled Tue 24th Jun Early"]
[Site "chess.com INT"]
[Date "2025.06.24"]
[Round "5"]
[White "Vignesh, N R"]
[Black "Ugorek, Kacper"]
[Result "1-0"]
[WhiteTitle "GM"]
[BlackTitle "CM"]
[WhiteElo "2531"]
[BlackElo "2262"]
[WhiteFideId "25012215"]
[BlackFideId "21890676"]
[EventDate "2025.06.24"]

1. d4 Nf6 2. c4 g6 3. g3 Bg7 4. Bg2 O-O 5. Nc3 d6 6. Nf3 Nc6 7. O-O a6 8. Bf4
Rb8 9. Rc1 Bf5 10. d5 Na5 11. e4 Bg4 12. Qd3 Bxf3 13. Bxf3 c5 14. e5 Ne8 15.
Rfe1 dxe5 16. Bxe5 Bxe5 17. Rxe5 Nd6 18. b3 b5 19. cxb5 axb5 20. Rce1 Re8 21.
Ne4 c4 22. Qe3 Nxe4 23. Bxe4 Qd6 24. Bc2 Rb7 25. Qh6 Qf6 26. b4 Ra7 27. bxa5
Rxa5 28. d6 e6 29. a4 Rd8 30. Rh5 Qg7 31. Qxg7+ Kxg7 32. Rxb5 Rxb5 33. axb5 Rxd6
34. Rb1 Kf6 35. b6 Rd8 36. b7 Rb8 37. f4 Ke7 38. Kf2 Kd6 39. Ke3 e5 40. fxe5+
Kxe5 41. Rb5+ Kd6 42. Kd4 f5 43. Bd1 Kc7 44. Bf3 Rd8+ 45. Kxc4 Kb8 46. Ra5 1-0

[Event "Titled Tue 24th Jun Early"]
[Site "chess.com INT"]
[Date "2025.06.24"]
[Round "5"]
[White "Essing, Arnold"]
[Black "Nicot, Valentin"]
[Result "0-1"]
[WhiteTitle "FM"]
[BlackTitle "CM"]
[WhiteElo "2197"]
[BlackElo "2206"]
[WhiteFideId "4619862"]
[BlackFideId "651002477"]
[EventDate "2025.06.24"]

1. d4 g6 2. Nf3 Bg7 3. c4 d6 4. Nc3 Nd7 5. e4 e5 6. Be2 Ngf6 7. O-O O-O 8. Re1
a5 9. Bf1 Nh5 10. g3 exd4 11. Nxd4 Nc5 12. Be3 Ne6 13. Ndb5 Bd7 14. Qd2 Bc6 15.
Bg2 Qe8 16. f4 a4 17. f5 Nc5 18. Nxc7 Qe7 19. Nxa8 Rxa8 20. Nd5 Qf8 21. Bd4 Bh6
22. Qc3 Re8 23. g4 Bxd5 24. exd5 Nf4 25. Bf3 Ncd3 26. Red1 Ne5 27. Bxe5 Rxe5 28.
Re1 Bg7 29. Rxe5 Bxe5 30. Qd2 Qh6 31. fxg6 Nh3+ 32. Kh1 Qxd2 33. Bg2 Qf4 0-1

[Event "Titled Tue 24th Jun Early"]
[Site "chess.com INT"]
[Date "2025.06.24"]
[Round "5"]
[White "Howell, David W L"]
[Black "Dudzinski, Piotr"]
[Result "0-1"]
[WhiteTitle "GM"]
[BlackTitle "FM"]
[WhiteElo "2668"]
[BlackElo "2335"]
[WhiteFideId "410608"]
[BlackFideId "1119362"]
[EventDate "2025.06.24"]

1. e4 e6 2. g3 d5 3. d3 dxe4 4. dxe4 Qxd1+ 5. Kxd1 Bc5 6. f3 Nf6 7. c3 a5 8. a4
Bd7 9. Bf4 Bb6 10. Nd2 Nc6 11. Nc4 O-O-O 12. Nxb6+ cxb6 13. Kc2 e5 14. Be3 Kc7
15. Bc4 Be6 16. Bxe6 fxe6 17. Nh3 h6 18. Nf2 Rhf8 19. Nd3 Nd7 20. Rhf1 Rf7 21.
Rf2 Rdf8 22. Raf1 Kd6 23. b3 Rc8 24. Nb2 Nd4+ 25. Bxd4 exd4 26. Nc4+ Kc5 27.
cxd4+ Kxd4 28. Rd2+ Kc5 29. Nd6 Rcf8 30. Kb2 Kc6 31. Nxf7 Rxf7 32. f4 Nc5 33. e5
g5 34. Rd4 Rf5 35. Rf3 gxf4 36. gxf4 Rh5 37. h3 Rh4 38. Kc3 Kc7 39. Rg3 Kb8 40.
Kd2 Ka7 41. Rc4 Rh5 42. Ke2 Rf5 43. Rf3 Rf7 44. Rcc3 Ka6 45. Rg3 Ne4 46. Rce3
Nxg3+ 47. Rxg3 Rxf4 48. Rg6 Re4+ 49. Kd3 Rxe5 50. Rxh6 b5 51. axb5+ Kxb5 52. Kc3
Re3+ 53. Kb2 b6 54. Rh4 e5 55. Ka2 e4 56. Rh6 Kc5 57. Kb2 b5 58. Kc2 Kb4 59. Re6
Rc3+ 60. Kd2 Rxh3 61. Rxe4+ Kxb3 0-1

[Event "Titled Tue 24th Jun Early"]
[Site "chess.com INT"]
[Date "2025.06.24"]
[Round "5"]
[White "Kawka, Milena"]
[Black "Shapiro, Daniel"]
[Result "1-0"]
[WhiteTitle "WCM"]
[BlackTitle "FM"]
[WhiteElo "2003"]
[BlackElo "2284"]
[WhiteFideId "21095167"]
[BlackFideId "2001780"]
[EventDate "2025.06.24"]

1. Nf3 e6 2. e3 f5 3. b3 Nf6 4. Bb2 Be7 5. d4 d6 6. Be2 O-O 7. Nbd2 b6 8. a4 a5
9. O-O Bb7 10. Ne1 Nbd7 11. Bf3 Ne4 12. Nxe4 fxe4 13. Bg4 Rf6 14. d5 exd5 15.
Bxf6 Bxf6 16. Be6+ Kh8 17. Rc1 c6 18. c4 Nc5 19. cxd5 Nxe6 20. dxe6 c5 21. Nc2
Qe7 22. Na3 Qxe6 23. Nb5 Rd8 24. Qh5 g6 25. Qh6 Qxb3 26. Rfd1 Qe6 27. Rxd6 Qe7
28. Rxd8+ Qxd8 29. Qf4 Kg7 30. Nd6 Bc6 31. Nxe4 Be7 32. Qe5+ Kg8 33. Qe6+ Kf8
34. Qxc6 1-0

[Event "Titled Tue 24th Jun Early"]
[Site "chess.com INT"]
[Date "2025.06.24"]
[Round "5"]
[White "Carroll, Thomas"]
[Black "Aranda, Juan Manuel"]
[Result "1-0"]
[BlackTitle "CM"]
[WhiteElo "2131"]
[BlackElo "2134"]
[WhiteFideId "450111"]
[BlackFideId "160458"]
[EventDate "2025.06.24"]

1. d4 d6 2. e4 Nf6 3. Nc3 g6 4. Be3 c6 5. Qd2 Qa5 6. O-O-O b5 7. a3 b4 8. axb4
Qxb4 9. f3 a5 10. d5 c5 11. e5 a4 12. Nb5 a3 13. bxa3 Qxd2+ 14. Rxd2 Nxd5 15.
Rxd5 Bb7 16. Rd1 Kd7 17. exd6 exd6 18. Bxc5 Bc6 19. Bxd6 Bxd6 20. Nxd6 Rf8 21.
Bc4 Kc7 22. Nxf7 Nd7 23. Nh3 Rxa3 24. Kb2 Ra4 25. Bb3 Rb4 26. Nfg5 Nc5 27. Rhe1
Na4+ 28. Kc1 Rfb8 29. Re7+ Kb6 30. Rd6 Rc8 31. Ree6 Nc5 32. Rf6 Nxb3+ 33. cxb3
Rxb3 34. Kd2 Rb5 35. Ne4 Kb7 36. Nhg5 Bxe4 37. Nxe4 Rd8 38. Rxd8 1-0

[Event "Titled Tue 24th Jun Early"]
[Site "chess.com INT"]
[Date "2025.06.24"]
[Round "5"]
[White "Smietanska, Wiktoria"]
[Black "Krzesaj, Robert"]
[Result "0-1"]
[WhiteTitle "CM"]
[BlackTitle "FM"]
[WhiteElo "2238"]
[BlackElo "2391"]
[WhiteFideId "21869359"]
[BlackFideId "1123521"]
[EventDate "2025.06.24"]

1. c4 c6 2. Nf3 d5 3. e3 Nf6 4. b3 Bg4 5. Bb2 e6 6. Be2 Be7 7. O-O O-O 8. d4 a5
9. Nbd2 a4 10. Qc2 a3 11. Bc3 Na6 12. e4 dxe4 13. Nxe4 Bf5 14. Bd3 Bg6 15. Ne5
c5 16. dxc5 Nxc5 17. Nxc5 Bxc5 18. Rad1 Bxd3 19. Rxd3 Qe7 20. Rfd1 Rfd8 21. b4
Rxd3 22. Nxd3 Bb6 23. c5 Bc7 24. Be5 Nd5 25. Qb3 Bxe5 26. Nxe5 Qf6 27. Nc4 Qf4
28. g3 Qg4 29. b5 h5 30. Ne3 Nxe3 31. fxe3 Rc8 32. Qc2 Qb4 33. c6 Qxb5 34. c7
Qe8 35. Qc5 g6 36. Qd6 Kg7 37. Rb1 Qc6 38. Qe5+ f6 39. Qd4 Rxc7 0-1

[Event "Titled Tue 24th Jun Early"]
[Site "chess.com INT"]
[Date "2025.06.24"]
[Round "5"]
[White "Huh, Isaak"]
[Black "Nezamyatin, Ruslan"]
[Result "1-0"]
[WhiteTitle "CM"]
[BlackTitle "CM"]
[WhiteElo "2139"]
[BlackElo "2070"]
[WhiteFideId "13209590"]
[BlackFideId "24153451"]
[EventDate "2025.06.24"]

1. Nf3 d5 2. g3 c6 3. Bg2 g6 4. O-O Bg7 5. c4 Nf6 6. Nc3 O-O 7. d4 Nbd7 8. Ne5
Nxe5 9. dxe5 Ne4 10. Nxe4 dxe4 11. Bxe4 Qxd1 12. Rxd1 Bxe5 13. Rb1 Bg4 14. Kf1
Rfd8 15. Bd2 Rd4 16. Bd3 Rxd3 17. exd3 Bxd1 18. Rxd1 b6 19. b3 Rd8 20. Bh6 f5
21. Ke2 Kf7 22. b4 Bf6 23. h4 e5 24. Bc1 Ke6 25. h5 gxh5 26. Rh1 h4 27. gxh4 Rg8
28. Bd2 h5 29. a4 Rg4 30. Bg5 Bxg5 31. hxg5 Rxg5 32. Rh4 f4 33. Kf3 Kf5 34. d4
e4+ 35. Ke2 Rg2 36. Rxh5+ Kg4 37. Rh7 e3 38. Rg7+ Kh3 39. Rxg2 Kxg2 40. f3 Kh3
41. d5 cxd5 42. cxd5 Kh4 43. d6 Kg5 44. d7 Kf6 45. d8=Q+ 1-0

[Event "Titled Tue 24th Jun Early"]
[Site "chess.com INT"]
[Date "2025.06.24"]
[Round "5"]
[White "Bortnyk, Olexandr"]
[Black "Mitrabha, Guha"]
[Result "1-0"]
[WhiteTitle "GM"]
[BlackTitle "GM"]
[WhiteElo "2601"]
[BlackElo "2515"]
[WhiteFideId "14120828"]
[BlackFideId "5057000"]
[EventDate "2025.06.24"]

1. e4 c6 2. Nc3 d5 3. Nf3 Bg4 4. h3 Bxf3 5. Qxf3 Nf6 6. d3 e6 7. Bd2 Nbd7 8. Be2
Bb4 9. a3 Ba5 10. O-O dxe4 11. dxe4 Ne5 12. Qe3 Bb6 13. Qg5 h6 14. Qxg7 Ng6 15.
e5 Qxd2 16. Qxf6 Bd8 17. Qf3 Nxe5 18. Qe4 Ng6 19. Rad1 Qg5 20. Qb4 Bb6 21. Ne4
Qe7 22. Qc3 Bc7 23. Nf6+ Kf8 24. Nd7+ Kg8 25. Bh5 e5 26. Bxg6 fxg6 27. Qb3+ Kh7
28. Qxb7 Rac8 29. Nf6+ Kg7 30. Rd7 Kxf6 31. Rxe7 Kxe7 32. Qxc6 g5 33. Rd1 Rhd8
34. Rxd8 Kxd8 35. Qxh6 Bb6 36. Qxg5+ Kd7 37. Qg7+ Ke6 38. Qg4+ 1-0

[Event "Titled Tue 24th Jun Early"]
[Site "chess.com INT"]
[Date "2025.06.24"]
[Round "5"]
[White "Arakelyan, Manvel"]
[Black "Cahaya, Satria Duta"]
[Result "0-1"]
[WhiteTitle "FM"]
[BlackTitle "FM"]
[WhiteElo "2326"]
[BlackElo "2386"]
[WhiteFideId "13317415"]
[BlackFideId "7124252"]
[EventDate "2025.06.24"]

1. e4 c5 2. Nf3 d6 3. Bb5+ Bd7 4. Bxd7+ Qxd7 5. c4 Nc6 6. d4 cxd4 7. Nxd4 Nf6 8.
Nc3 g6 9. f3 Bg7 10. Be3 O-O 11. O-O Rfc8 12. b3 Qd8 13. Qd2 a6 14. a4 Nd7 15.
Rfd1 Nc5 16. Rab1 Ne6 17. Nde2 Rab8 18. Nd5 b5 19. axb5 axb5 20. cxb5 Rxb5 21.
b4 Ne5 22. Bf2 Nc7 23. Nec3 Rb7 24. b5 Nc4 25. Qd3 Na3 26. Rb3 Nxd5 27. Nxd5 Nc4
28. b6 e6 29. Nc7 Nb2 30. Qa6 Nxd1 31. Qxb7 Nxf2 32. Kxf2 Bd4+ 33. Ke2 Rb8 34.
Qc6 Qh4 35. b7 Qf2+ 36. Kd3 Ba7 37. Na6 Qf1+ 38. Kc3 Qc1+ 39. Kd3 Qxc6 40. Nxb8
Bxb8 0-1

[Event "Titled Tue 24th Jun Early"]
[Site "chess.com INT"]
[Date "2025.06.24"]
[Round "5"]
[White "Lopez Rayo, Santiago"]
[Black "Abramor, Franco"]
[Result "0-1"]
[WhiteTitle "FM"]
[WhiteElo "2282"]
[BlackElo "2167"]
[WhiteFideId "4455665"]
[BlackFideId "181633"]
[EventDate "2025.06.24"]

1. e4 e5 2. Nf3 Nc6 3. Bb5 a6 4. Ba4 Nf6 5. O-O Be7 6. Re1 b5 7. Bb3 d6 8. c3
O-O 9. h3 Nb8 10. d4 Nbd7 11. Nbd2 Bb7 12. Bc2 Re8 13. Nf1 Bf8 14. Ng3 g6 15. a4
Nb6 16. a5 Nbd7 17. d5 Rc8 18. b4 c6 19. dxc6 Rxc6 20. Bd2 d5 21. Bb3 Nxe4 22.
Bxd5 Nxd2 23. Bxc6 Bxc6 24. Qxd2 Bxf3 25. gxf3 Qc7 26. Rad1 Nf6 27. Ne4 Nh5 28.
Qd7 Qb8 29. Ng5 Re7 30. Qc6 Nf4 31. Rd7 Qe8 32. Red1 Ne2+ 33. Kh2 Nxc3 34. R1d3
e4 35. fxe4 Ne2 36. Qc7 Rxd7 37. Qxd7 Qe5+ 38. Kh1 Qxg5 39. Rd1 Nf4 40. Qg4 Qe5
41. Rd8 Qxe4+ 42. Kh2 Kg7 43. Qg3 Be7 44. Rc8 Bh4 45. Qc3+ Bf6 46. Qg3 Be5 47.
Rc1 Ne2 0-1

[Event "Titled Tue 24th Jun Early"]
[Site "chess.com INT"]
[Date "2025.06.24"]
[Round "5"]
[White "Kjaergaard-Jensen, Jesper"]
[Black "Xalmatov, Yakubjon"]
[Result "0-1"]
[WhiteTitle "CM"]
[BlackTitle "CM"]
[WhiteElo "2081"]
[BlackElo "2096"]
[WhiteFideId "1406990"]
[BlackFideId "14201615"]
[EventDate "2025.06.24"]

1. d4 d5 2. Nf3 Nf6 3. c3 Bf5 4. Bg5 e6 5. Nbd2 Be7 6. Nh4 Bg6 7. Nxg6 hxg6 8.
Bxf6 gxf6 9. e4 dxe4 10. Nxe4 f5 11. Nc5 b6 12. Qa4+ c6 13. Nd3 Qd6 14. h3 Nd7
15. O-O-O b5 16. Qa6 Kf8 17. g3 Kg7 18. Bg2 Rhc8 19. Rhe1 Rc7 20. Ne5 Nxe5 21.
Rxe5 Rb8 22. Rc5 Rb6 23. Qa5 f4 24. Rd3 fxg3 25. fxg3 Qd8 26. Re5 c5 27. d5 Bf6
28. Re2 c4 29. Rd1 exd5 30. Rxd5 Rd7 31. Rxd7 Qxd7 32. Qb4 Qc7 33. Re8 Rd6 0-1

[Event "Titled Tue 24th Jun Early"]
[Site "chess.com INT"]
[Date "2025.06.24"]
[Round "5"]
[White "Ughuzov, Ravan"]
[Black "Torres Rebolledo, Alvaro"]
[Result "1-0"]
[WhiteTitle "FM"]
[BlackTitle "FM"]
[WhiteElo "2295"]
[BlackElo "2318"]
[WhiteFideId "13419315"]
[BlackFideId "54587670"]
[EventDate "2025.06.24"]

1. e4 d6 2. d4 Nf6 3. Nc3 e5 4. Nf3 Nbd7 5. Rg1 h5 6. h3 c6 7. Be3 g6 8. Qd2 Bg7
9. O-O-O b5 10. dxe5 dxe5 11. Nxe5 Qc7 12. Nxd7 Nxd7 13. Bd4 Bh6 14. Be3 Bg7 15.
Bxb5 cxb5 16. Nxb5 Qb8 17. Nd6+ Kf8 18. Bd4 Bh6 19. f4 Rh7 20. Bc3 Nc5 21. Rge1
Bb7 22. Kb1 Qc7 23. Bb4 a5 24. Bxc5 Qxc5 25. Nxb7 Qb6 26. Nd6 Rb8 27. Nc4 Qb4
28. c3 Qxc4 29. Qd6+ Kg7 30. Qxb8 Rh8 31. Qe5+ Kh7 32. Qd5 Qc7 33. Qd7 Qc4 34.
Rd5 Rf8 35. f5 Bg7 36. Qb5 1-0

[Event "Titled Tue 24th Jun Early"]
[Site "chess.com INT"]
[Date "2025.06.24"]
[Round "5"]
[White "Naroditsky, Daniel"]
[Black "Pranesh, M"]
[Result "0-1"]
[WhiteTitle "GM"]
[BlackTitle "GM"]
[WhiteElo "2619"]
[BlackElo "2580"]
[WhiteFideId "2026961"]
[BlackFideId "35028600"]
[EventDate "2025.06.24"]

1. d4 Nf6 2. c4 b6 3. Nc3 Bb7 4. Qc2 d6 5. e4 g6 6. Nf3 Bg7 7. Be2 O-O 8. O-O e5
9. dxe5 dxe5 10. Rd1 Nbd7 11. Nxe5 Qe7 12. Nxd7 Nxd7 13. f3 Nc5 14. Nd5 Bxd5 15.
cxd5 f5 16. exf5 Rxf5 17. Bc4 Kh8 18. Bd2 Bd4+ 19. Kh1 Rh5 20. Bf4 Qf6 21. Rxd4
Qxd4 22. Bd2 Kg8 23. d6+ Kf8 24. dxc7 Rc8 25. Re1 Rxc7 26. Bc3 Qf4 27. h3 Re7
28. Rxe7 Kxe7 29. Qe2+ Kd8 30. Bb5 Nd7 31. a4 Qc1+ 32. Kh2 Qf4+ 33. Kh1 Rd5 34.
Bc6 Qc1+ 35. Kh2 Rd1 36. Qe6 Qf4+ 37. g3 Qd6 38. Qc4 Qc5 39. Qxc5 Nxc5 40. a5
Kc7 41. Bb5 Ne6 42. g4 Nd4 43. axb6+ Kxb6 44. Bc4 Nxf3+ 45. Kg3 Nd2 46. Bg8 Ne4+
47. Kf4 Nxc3 48. bxc3 Rd7 0-1

[Event "Titled Tue 24th Jun Early"]
[Site "chess.com INT"]
[Date "2025.06.24"]
[Round "5"]
[White "Sorokin, Aleksey"]
[Black "Souleidis, Georgios"]
[Result "0-1"]
[WhiteTitle "GM"]
[BlackTitle "IM"]
[WhiteElo "2530"]
[BlackElo "2418"]
[WhiteFideId "24176460"]
[BlackFideId "4206827"]
[EventDate "2025.06.24"]

1. d4 Nf6 2. c4 g6 3. Nc3 Bg7 4. e4 d6 5. Nf3 O-O 6. Be2 e5 7. O-O Bg4 8. d5 a5
9. h3 Bd7 10. Rb1 Na6 11. Be3 Nh5 12. Re1 Nf4 13. Bf1 f5 14. a3 Nc5 15. Bxf4
exf4 16. e5 dxe5 17. Nxe5 a4 18. Qd4 Nb3 19. Qxf4 g5 20. Qg3 f4 21. Qh2 Bf5 22.
Nd3 Nd2 23. Rbd1 Nxc4 24. Nxf4 Nxb2 25. Ne6 Bxe6 26. dxe6 Nxd1 27. e7 Bxc3 28.
Bc4+ Kh8 29. exf8=Q+ Qxf8 30. Rxd1 Qc5 31. Be6 Rf8 32. Qg3 Bd4 33. Rf1 h6 34. h4
Qe5 35. Qg4 Rf4 36. Qh3 Rxh4 37. g3 Rxh3 0-1

[Event "Titled Tue 24th Jun Early"]
[Site "chess.com INT"]
[Date "2025.06.24"]
[Round "5"]
[White "Nitish, Belurkar"]
[Black "Przybylski, Bartosz"]
[Result "1-0"]
[WhiteTitle "IM"]
[BlackTitle "CM"]
[WhiteElo "2454"]
[BlackElo "2101"]
[WhiteFideId "5084768"]
[BlackFideId "21878323"]
[EventDate "2025.06.24"]

1. e4 d6 2. d4 Nf6 3. Nc3 e5 4. Nf3 exd4 5. Nxd4 Be7 6. Be2 O-O 7. Be3 Re8 8.
O-O Bf8 9. Bg5 h6 10. Bh4 c6 11. f4 Nbd7 12. Kh1 Qb6 13. Bf3 Qxb2 14. Qd2 d5 15.
e5 Bb4 16. Nde2 Ne4 17. Bxe4 dxe4 18. a3 Bxc3 19. Nxc3 e3 20. Qxe3 Qxc2 21. Ne4
Nb6 22. Bf6 Bf5 23. Qg3 Bg6 24. Nd6 gxf6 25. Nxe8 Rxe8 26. f5 fxe5 27. Rac1 Qe4
28. Rce1 Qc2 29. Rf2 Qc5 30. fxg6 f5 31. Rxf5 Nd5 32. Rfxe5 Rf8 33. g7 Rf7 34.
Re8+ 1-0

[Event "Titled Tue 24th Jun Early"]
[Site "chess.com INT"]
[Date "2025.06.24"]
[Round "5"]
[White "Anakok, Deniz"]
[Black "Aarav Sinha"]
[Result "1-0"]
[WhiteTitle "CM"]
[BlackTitle "FM"]
[WhiteElo "2058"]
[BlackElo "2255"]
[WhiteFideId "51603586"]
[BlackFideId "25674064"]
[EventDate "2025.06.24"]

1. e4 c5 2. Nf3 d6 3. d4 cxd4 4. Nxd4 Nf6 5. Nc3 a6 6. Be3 e5 7. Nf3 Qc7 8. a4
Be7 9. a5 O-O 10. Bb6 Qc6 11. Bd3 h6 12. O-O Be6 13. Be3 Nbd7 14. Qe2 d5 15.
exd5 Nxd5 16. Nxd5 Bxd5 17. c4 Be6 18. Nd2 f5 19. f3 Nc5 20. Bc2 Bf6 21. b4 Nd7
22. Bb3 Kh8 23. b5 Qc7 24. b6 Qc8 25. Rfd1 Nc5 26. Bc2 Qc6 27. Nb3 Na4 28. Rxa4
Qxa4 29. Nc5 Qc6 30. Ba4 Qc8 31. Nxe6 Qxe6 32. Bd7 Qe7 33. Bxf5 Rac8 34. Bxc8
Rxc8 35. Qd3 Qb4 36. c5 Qxa5 37. Qd7 Rxc5 38. Qxb7 Rc2 39. Qa8+ Kh7 40. Qe4+ 1-0

[Event "Titled Tue 24th Jun Early"]
[Site "chess.com INT"]
[Date "2025.06.24"]
[Round "5"]
[White "Gonzalez Guedes, Iyan"]
[Black "Chylewski, Patryk"]
[Result "1-0"]
[WhiteTitle "FM"]
[BlackTitle "IM"]
[WhiteElo "2238"]
[BlackElo "2313"]
[WhiteFideId "24524131"]
[BlackFideId "1186191"]
[EventDate "2025.06.24"]

1. e4 c6 2. d4 d5 3. e5 c5 4. dxc5 e6 5. a3 Bxc5 6. b4 Bb6 7. Qg4 Kf8 8. Nf3 a5
9. Bb2 Ne7 10. Bd3 axb4 11. axb4 Rxa1 12. Bxa1 Nf5 13. O-O Nc6 14. b5 Nce7 15.
c4 h5 16. Qg5 Bd7 17. c5 Ba5 18. b6 Nc6 19. Qxd8+ Nxd8 20. Bxf5 exf5 21. Bc3
Bxc3 22. Nxc3 Ne6 23. Nxd5 Nxc5 24. Rc1 Na6 25. Nd4 Rh6 26. Nb3 Bc6 27. Nc7 Nb8
28. Na5 Ke7 29. Rd1 Ba4 30. Rd2 Bc6 31. f3 g5 32. Kf2 g4 33. Nc4 f4 34. Nd6 gxf3
35. gxf3 Rg6 36. Nf5+ Kf8 37. Rd8+ 1-0

[Event "Titled Tue 24th Jun Early"]
[Site "chess.com INT"]
[Date "2025.06.24"]
[Round "5"]
[White "Exposito Milan, Adrian"]
[Black "Aghaei, Alireza"]
[Result "0-1"]
[WhiteTitle "FM"]
[BlackTitle "CM"]
[WhiteElo "2179"]
[BlackElo "2204"]
[WhiteFideId "24556645"]
[BlackFideId "12509914"]
[EventDate "2025.06.24"]

1. c4 Nf6 2. g3 g6 3. Bg2 c5 4. Nc3 Bg7 5. a3 Nc6 6. Rb1 a5 7. e3 d6 8. Nge2 h5
9. h4 Bg4 10. O-O e5 11. d3 O-O 12. Nd5 Nxd5 13. cxd5 Ne7 14. e4 b5 15. b4 cxb4
16. axb4 a4 17. f3 Qb6+ 18. Kh2 Bd7 19. Bg5 f6 20. Bd2 Rfc8 21. Bh3 Bxh3 22.
Kxh3 Rc7 23. Rc1 Rac8 24. Rxc7 Qxc7 25. Kg2 Qc2 26. Be3 Qb2 27. Qe1 Rc2 28. Rf2
a3 29. Bc1 Qb3 30. Be3 a2 31. Nc1 Qb2 32. Rxc2 Qxc2+ 0-1

[Event "Titled Tue 24th Jun Early"]
[Site "chess.com INT"]
[Date "2025.06.24"]
[Round "5"]
[White "Papacek, Stepan"]
[Black "Bozorov, Javohir"]
[Result "0-1"]
[WhiteTitle "FM"]
[BlackTitle "FM"]
[WhiteElo "2225"]
[BlackElo "2039"]
[WhiteFideId "301035"]
[BlackFideId "14216957"]
[EventDate "2025.06.24"]

1. e4 c5 2. c3 g6 3. d4 cxd4 4. cxd4 Bg7 5. Nc3 e6 6. Nf3 Ne7 7. h4 h6 8. Bf4 a6
9. Qd2 b5 10. a3 Bb7 11. d5 Qa5 12. Rd1 b4 13. axb4 Qxb4 14. Be2 Bxc3 15. bxc3
Qxe4 16. Bxb8 Rxb8 17. dxe6 dxe6 18. O-O O-O 19. Qxh6 Nf5 20. Qd2 Nxh4 21. Nxh4
Qxh4 22. Qe3 a5 23. Rd4 Qf6 24. Rf4 Qg5 25. g3 Bc6 26. Bf3 Bxf3 27. Qxf3 Ra8 28.
Kg2 a4 29. Rh1 Qd5 30. Rfh4 Qxf3+ 31. Kxf3 a3 32. g4 Rfc8 33. g5 Kf8 34. Rh8+
Ke7 0-1

[Event "Titled Tue 24th Jun Early"]
[Site "chess.com INT"]
[Date "2025.06.24"]
[Round "5"]
[White "Beyer, Lorenz"]
[Black "Marchesich, Giovanni"]
[Result "1-0"]
[WhiteTitle "CM"]
[BlackTitle "CM"]
[WhiteElo "2226"]
[BlackElo "2189"]
[WhiteFideId "16245393"]
[BlackFideId "2824790"]
[EventDate "2025.06.24"]

1. d4 c5 2. e3 d5 3. Nf3 Nc6 4. Be2 cxd4 5. exd4 Bg4 6. Bf4 e6 7. c3 Bd6 8. Bg3
Nge7 9. O-O O-O 10. a4 f6 11. Bxd6 Qxd6 12. Na3 a6 13. Nc2 e5 14. Ne3 Bxf3 15.
dxe5 fxe5 16. Bxf3 e4 17. Bxe4 Rad8 18. Bc2 d4 19. cxd4 Nxd4 20. Qh5 g6 21. Qg4
Rf4 22. Qg5 Nxc2 23. Nxc2 Rdf8 24. Qg3 Qd2 25. Qb3+ Kg7 26. Qc3+ Qxc3 27. bxc3
Nd5 28. Rab1 R8f7 29. Nd4 Re4 30. Rfe1 Rxe1+ 31. Rxe1 Nxc3 32. a5 Rd7 33. Ne6+
Kf6 34. f3 Nb5 35. Nc5 Rc7 36. Ne4+ Kg7 37. Kf2 b6 38. axb6 Rb7 39. Nc5 Rxb6 40.
Re7+ Kf6 41. Rxh7 Nd6 42. Nd7+ 1-0